Reverse Alphabetical Words A-Z - Statistics

General Stats
  • This quiz has been taken 10 times
  • The average score is 17 of 64
Answer Stats
Length Letter Number % Correct
3 B 1
67%
3 F 2
67%
3 T 13
56%
3 Z 5
56%
3 Y 10
44%
3 O 11
44%
3 W 11
44%
4 R 12
44%
4 W 12
44%
3 P 14
44%
3 R 14
44%
3 S 17
44%
4 P 19
44%
3 G 2
44%
4 T 25
44%
3 M 5
44%
3 L 6
44%
3 E 1
33%
3 U 11
33%
5 T 14
33%
5 S 16
33%
3 I 2
33%
4 F 2
33%
4 L 2
33%
4 S 29
33%
3 J 3
33%
3 K 3
33%
3 N 3
33%
4 M 4
33%
4 V 5
33%
5 W 5
33%
5 P 6
33%
3 V 8
33%
4 Y 8
33%
4 Z 8
33%
4 G 1
22%
4 H 1
22%
6 P 10
22%
4 J 3
22%
6 S 4
22%
6 W 6
22%
6 T 9
22%
4 N 1
11%
5 I 1
11%
6 J 1
11%
6 M 1
11%
5 Z 2
11%
7 W 2
11%
6 Z 4
11%
4 U 5
11%
6 Y 5
11%
7 S 7
11%
5 K 1
0%
5 M 1
0%
6 V 1
0%
7 V 1
0%
8 T 1
0%
5 O 2
0%
5 V 2
0%
7 T 2
0%
4 O 4
0%
5 Y 5
0%
5 U 6
0%
6 R 9
0%
No matching quizzes found
Score Distribution
Percent of People with Each Score
Percentile by Number Answered
Your Score History
You have not taken this quiz